Records de la franchise des Spurs de San Antonio - Statistiques

Statistiques générales
  • Ce quiz a été pris 126 fois
  • Le résultat moyen est 8 sur 14
Statistiques - réponses
Statistique Nom du joueur Nombre % Correct
Meilleur passeur Tony Parker 6 829 passes décisives
100%
Meilleur marqueur Tim Duncan 26 496 points
97%
Meilleur rebondeur Tim Duncan 15 091 rebonds
97%
Meilleur contreur Tim Duncan 3 020 contres
97%
Matchs joués Tim Duncan 1 392 matchs
97%
Lancers-francs marqués David Robinson 6 035 tirs
90%
Meilleur intercepteur Manu Ginóbili 1 392 interceptions
81%
3 points marqués Manu Ginóbili 1 495 tirs
81%
Meilleure moyenne Points/Match George Gervin 33,1 points/match
52%
Meilleure moyenne Rebonds/Match Dennis Rodman 17,1 rebonds/match
20%
Meilleur pourcentage au tir Artis Gilmore 62,0 %
11%
Meilleur pourcentage à 3 points Pau Gasol 44,4 %
9%
Meilleur pourcentage au lancer-franc Charlie Beasley 86,5 %
2%
Meilleure moyenne Passes/Match Rod Strickland 8,2 passes/match
2%
Aucun quiz correspondant
Distribution des résultats
% des personnes avec chaque résultat
Percentile par nombre de réponses
Votre historique - résultats
Vous n’avez pas pris ce quiz